000 00637nam a2200205Ia 4500
003 GCL
008 140319s9999 xx 000 0 ara d
040 _aGCL /
_cGCL
082 0 4 _a925
_bق ع
100 1 _aقسم التاليف والترجمة
245 1 0 _aعين التاريخ تشهد كبار المخترعين /
_cقسم التاليف والترجمة
260 _a[S.N] :
_bدار الرشيد
300 _a202 ص
490 _aسلسلة عبر العصور
_v0
650 0 4 _aالاختراعات
650 0 4 _aالمكتشفون
650 0 4 _aالمخترعون
650 0 4 _aالمهندسون
942 _2ddc
_cBK
999 _c29956
_d29956